Guess TV shows by character - my favorites! - Statistics

General Stats
  • This quiz has been taken 164 times
  • The average score is 6 of 16
Answer Stats
Hint Answer % Correct
Joey Tribbiani, Rachel Greene, Chandler Bing Friends
92%
Sheldon Cooper, Howard Wolowitz, Penny The Big Bang Theory
88%
Barney Stinson, Lily Aldrin, Ted Mosby How I Met Your Mother
73%
John Watson, Mycroft Holmes, Molly Hooper Sherlock
58%
Kate Beckett, Alexis Castle, Detective Esposito Castle
45%
Killian Jones, Regina Mills, Emma Swan Once Upon A Time
40%
Rose Tyler, Donna Noble, Amy Pond Doctor Who
36%
Bree van de Kamp, Mike Delfino, Gabrielle Solis Desperate Housewives
34%
Liz Lemon, Jenna Maroney, Jack Donaghy 30 Rock
31%
Earl Hickey, Joy Turner, Catalina My Name Is Earl
27%
Gwen Cooper, Jack Harkness, Toshiko Sato Torchwood
23%
Henry Morgan, Jo Martinez, Adam Forever
11%
Maurice Moss, Roy Trenneman, Jen Barber The IT Crowd
10%
Bridget Hennessey, C.J. Barns, Kerry Hennessey 8 Simple Rules
8%
Alec Hardy, Ellie Miller, Beth Latimer Broadchurch
8%
Rene Artois, Herr Otto Flick, Michelle Dubois 'Allo 'Allo
5%
No matching quizzes found
Score Distribution
Percent of People with Each Score
Percentile by Number Answered
Your Score History
You have not taken this quiz